| 000 | 00423nam a2200157 i 4500 | ||
|---|---|---|---|
| 001 | bg | ||
| 100 | 1 | _aGAVRILOV, F. I. | |
| 245 | 0 |
_aMetody analiza ispol'zovanija sel'skochozjajstvennoj techniki / _cF. I. Gavrilov. |
|
| 260 |
_aMoskva : _bIzdatel'stvo "Kolos", _c1971. |
||
| 300 |
_as. 262 : _bilustr. |
||
| 040 | _cBPK | ||
| 041 | _apol | ||
| 080 | _a631.17 | ||
| 942 | _cKS | ||
| 008 | s pl f |000 0 pol | ||
| 999 |
_c14056 _d14056 |
||